Phương pháp chủ động phòng và điều trị bệnh cúm gia cầm
Sách trình bày một số bệnh ở gà đặc biệt là bệnh cúm (tác nhân gây bệnh, triệu chứng,...). Nêu các biện pháp phòng chống bệnh cúm gia cầm.
Đã lưu trong:
| 主要作者: | |
|---|---|
| 格式: | 圖書 |
| 語言: | Undetermined |
| 出版: |
Hà Nội
Nhà xuất bản Hà Nội
2008
|
| 主題: | |
| 標簽: |
添加標簽
沒有標簽, 成為第一個標記此記錄!
|
| Thư viện lưu trữ: | Trung tâm Học liệu Trường Đại học Cần Thơ |
|---|
| LEADER | 00896nam a2200217Ia 4500 | ||
|---|---|---|---|
| 001 | CTU_142309 | ||
| 008 | 210402s9999 xx 000 0 und d | ||
| 020 | |c 20000 | ||
| 082 | |a 636.50896925 | ||
| 082 | |b Th107 | ||
| 100 | |a Nguyễn, Văn Thanh | ||
| 245 | 0 | |a Phương pháp chủ động phòng và điều trị bệnh cúm gia cầm | |
| 245 | 0 | |c Nguyễn Văn Thanh | |
| 260 | |a Hà Nội | ||
| 260 | |b Nhà xuất bản Hà Nội | ||
| 260 | |c 2008 | ||
| 520 | |a Sách trình bày một số bệnh ở gà đặc biệt là bệnh cúm (tác nhân gây bệnh, triệu chứng,...). Nêu các biện pháp phòng chống bệnh cúm gia cầm. | ||
| 650 | |a Poultry,Virus diseases,Gia cầm | ||
| 650 | |x Diseases,Bệnh cúm | ||
| 904 | |i Năm | ||
| 980 | |a Trung tâm Học liệu Trường Đại học Cần Thơ | ||